Loading...
| Science - Physics | 0 | 5 | 1 | 0 | 45 | 32 | 58.80 | 0 | 3 | 20.08 | 31.82 |
| Science - Chemistry | 0 | 3 | 0 | 0 | 30 | 82 | 102.33 | 0 | 1 | 3.16 | 10.86 |
| History - Other | 0 | 3 | 1 | 1 | 25 | 92 | 99.67 | 0 | 0 | 2.42 | 9.22 |
| Literature - British | 0 | 2 | 0 | 0 | 20 | 84 | 105.00 | 0 | 0 | 2.15 | 2.15 |
| Social Science | 0 | 2 | 0 | 0 | 20 | 52 | 70.00 | 0 | 1 | 9.90 | 18.25 |
| Philosophy | 0 | 2 | 0 | 0 | 20 | 53 | 73.00 | 0 | 0 | 6.73 | 4.94 |
| Popular Culture | 0 | 2 | 0 | 0 | 20 | 34 | 53.50 | 0 | 2 | 17.60 | 27.31 |
| Religion | 0 | 2 | 0 | 1 | 20 | 61 | 85.50 | 0 | 0 | 4.18 | 5.18 |
| History - World | 0 | 3 | 2 | 0 | 20 | 66 | 80.67 | 0 | 1 | 6.85 | 17.42 |
| Fine Arts - Other | 0 | 2 | 0 | 1 | 20 | 68 | 86.00 | 0 | 1 | 4.47 | 10.98 |
| History - European | 0 | 1 | 0 | 0 | 10 | 38 | 38.00 | 0 | 1 | 5.86 | 6.06 |
| Literature - European | 0 | 1 | 0 | 0 | 10 | 115 | 115.00 | 0 | 0 | 0.00 | 1.01 |
| History - American | 0 | 1 | 0 | 0 | 10 | 85 | 85.00 | 0 | 1 | 2.00 | 4.04 |
| Science - Other | 0 | 3 | 4 | 1 | 10 | 80 | 93.00 | 0 | 0 | 4.20 | 11.87 |
| Current Events | 0 | 1 | 1 | 0 | 5 | 55 | 55.00 | 1 | 1 | 12.72 | 25.00 |
| Literature - American | 0 | 1 | 1 | 0 | 5 | 96 | 96.00 | 0 | 0 | 2.00 | 3.41 |
| Science - Biology | 0 | 1 | 1 | 0 | 5 | 65 | 65.00 | 0 | 0 | 2.80 | 4.55 |
| Mythology | 0 | 0 | 1 | 0 | -5 | 0.00 | 0 | 0 | 0.00 | 0.00 |